[Event "Budapest Vezerkepzo Summer IM"]
[Site "Budapest"]
[Date "2023.07.17"]
[Round "7"]
[White "Ilincic, Zlatko"]
[Black "Konyves, Almos"]
[Result "1-0"]
[WhiteElo "2317"]
[BlackElo "2308"]
[PlyCount "77"]
[EventDate "2023.07.11"]
[EventType "tourn"]
[EventRounds "9"]
[EventCountry "HUN"]
[SourceTitle "CBM 215 Extra"]
[Source "ChessBase"]
[SourceDate "2023.09.30"]
[SourceVersion "1"]
[SourceVersionDate "2023.09.30"]
[SourceQuality "1"]

1. d4 Nf6 2. c4 e6 3. a3 d5 4. b3 c5 5. e3 cxd4 6. exd4 Be7 7. Nf3 0-0 8. Bd3 b6 9. 0-0 Bb7 10. Bb2 Nbd7 11. Re1 Qc7 12. Nbd2 Rac8 13. Rc1 Qb8 14. Ne5 Qa8 15. Re3 g6 16. Rg3 Rfd8 17. Qe2 Nf8 18. h4 N6d7 19. h5 Nxe5 20. dxe5 dxc4 21. Nxc4 Ba6 22. hxg6 fxg6 23. Nd6 Rxc1+ 24. Bxc1 Bxd3 25. Rxd3 Qc6 26. Bb2 Rd7 27. Qd2 Bd8 28. Qf4 Rg7 29. Rf3 Be7 30. Qd2 g5 31. Rc3 Qd7 32. Qd4 Rg6 33. Qe4 Rg7 34. Qc2 Bd8 35. b4 a5 36. b5 Ng6 37. Rc8 Ne7 38. Rb8 Kh8 39. Rb7 1-0

[Event "Budapest Vezerkepzo Summer IM"]
[Site "Budapest"]
[Date "2023.07.16"]
[Round "6"]
[White "Konyves, Almos"]
[Black "Levitan, Caleb Levi"]
[Result "0-1"]
[WhiteElo "2308"]
[BlackElo "2129"]
[PlyCount "80"]
[EventDate "2023.07.11"]
[EventType "tourn"]
[EventRounds "9"]
[EventCountry "HUN"]
[SourceTitle "CBM 215 Extra"]
[Source "ChessBase"]
[SourceDate "2023.09.30"]
[SourceVersion "1"]
[SourceVersionDate "2023.09.30"]
[SourceQuality "1"]

1. d4 d5 2. c4 e6 3. Nc3 Bb4 4. e3 Nf6 5. cxd5 exd5 6. Bd3 0-0 7. Nge2 Re8 8. Qc2 c5 9. a3 Bxc3+ 10. bxc3 c4 11. Bf5 Bxf5 12. Qxf5 Nc6 13. 0-0 Qd7 14. Qc2 b5 15. Bd2 a5 16. Rfb1 Reb8 17. f3 Rb6 18. e4 h6 19. Nf4 dxe4 20. Be3 g5 21. d5 gxf4 22. Bxb6 Nxd5 23. Rd1 Qe6 24. Bc5 exf3 25. Qf2 Nxc3 26. Re1 Qg4 27. Qxf3 Qxf3 28. gxf3 Rd8 29. Rac1 Na4 30. Bf2 Rd3 31. Re8+ Kg7 32. Rc8 Ne5 33. Ra8 Nxf3+ 34. Kh1 Rd2 35. Kg2 Ne5 36. Rg1 Ng4 37. Kh3 h5 38. Rg2 Rxf2 39. Rxa5 Rxg2 40. Kxg2 c3 0-1

[Event "Budapest Vezerkepzo Summer IM"]
[Site "Budapest"]
[Date "2023.07.11"]
[Round "1"]
[White "Konyves, Almos"]
[Black "Kolimar, Kristof Pal"]
[Result "1/2-1/2"]
[WhiteElo "2308"]
[BlackElo "2276"]
[PlyCount "81"]
[EventDate "2023.07.11"]
[EventType "tourn"]
[EventRounds "9"]
[EventCountry "HUN"]
[SourceTitle "CBM 215 Extra"]
[Source "ChessBase"]
[SourceDate "2023.09.30"]
[SourceVersion "1"]
[SourceVersionDate "2023.09.30"]
[SourceQuality "1"]

1. d4 Nf6 2. c4 e6 3. Nc3 Bb4 4. e3 b6 5. Nge2 Ne4 6. Qc2 Bb7 7. a3 Bxc3+ 8. Nxc3 Nxc3 9. Qxc3 d6 10. Bd3 Qg5 11. Rg1 Qh4 12. h3 0-0 13. b3 Nd7 14. Bb2 f5 15. Qc2 Nf6 16. 0-0-0 Be4 17. f3 Bxd3 18. Qxd3 Qg3 19. Bc3 Nd7 20. Qe2 e5 21. Qe1 Qxe1 22. Rdxe1 Rae8 23. dxe5 Nxe5 24. Kc2 g6 25. f4 Nd7 26. g4 Nc5 27. Bb2 Ne4 28. Rg2 Re7 29. Reg1 Kf7 30. g5 Ke6 31. h4 Kd7 32. h5 a5 33. Rh1 Rff7 34. Bd4 Re6 35. hxg6 hxg6 36. Rh6 Rfe7 37. Rh8 Re8 38. Rh7+ R8e7 39. Rh6 Re8 40. Rh7+ R8e7 41. Rh8 1/2-1/2